Statistics for Celebrity Big Brother Housemates 2017 (JAN)

Click here to take the quiz!

General Stats

  • This quiz has been taken 14 times
  • The average score is 10 of 18

Answer Stats

HintHousemate% Correct
NEW STAR: Wife of footballer George Best and is in the house with her son #2Angie Best
82%
NEW STAR: From the controversial MTV reality show Geordie Shore who came in on day 11 alongside #6 & #10Chloe Ferry
82%
NEW STAR: The first OAP to be removed from the house by security in an intense argument with #18 and is known for the TV show 'How clean is your house?'KIm Woodburn
82%
NEW STAR: A British glamour model, she won ITV's reality TV show Love Island with #2 and found romance in the house with #18Bianca Gascoigne
73%
ALL STAR: English ballroom dancer and choreographer, who was on Strictly Come Dancing, from 2006 to 2013. He is married to dancer Ola JordanJames Jordan
73%
NEW STAR: English professional footballer previously married to former Miss England, Danielle Lloyd, whom he had 3 children with. Found romance in the house with #3Jamie O'Hara
73%
ALL STAR: English television presenter on loose women and the youngest member of the girl group The NolansColeen Nolan
64%
ALL STAR: American model and actress who in her previous series of big brother in 2014 was involved in a love triangle between Blue singer Lee Ryan and model Casey BatchelorJasmine Waltz
55%
ALL STAR: Irish identical twin singing duo appearing as finalists on The X Factor and on their last series of big brother came third placeJedward
55%
ALL STAR: He is from the TV show The A-List: New York, dated fashion designer Marc Jacobs and came runner up to James Hill on big brother in 2015Austin Armacost
45%
NEW STAR: Is a British DJ who walked from the house on Day 9Brandon Block
45%
NEW STAR: Scottish actor known for his appearances in films such as The Chronicles of Narnia: The Lion, the Witch and the Wardrobe, and the TV series Game of ThronesJames Cosmo
45%
NEW STAR: English business woman who came 5th in BBC1's show The Apprentice. She entered the house on day 11 with #6 & #11Jessica Cunningham
45%
ALL STAR: American reality television couple from MTV's reality series The Hills from 2006 to 2010 who came runner up in their last big brother series to Rylan Clark-NeilSpeidi
45%
NEW STAR: American singer that was on the first season of The X Factor USA and had a well publicised argument with singer Whitney Houston two days before her death, over housemate #8Stacey Francis
45%
ALL STAR: Former fashion model and won the second series of Celebrity Love Island in 2006Calum Best
36%
ALL STAR: An English glamour model who has 2 children with husband Tom Williams and isn't afraid to speak her mindNicola McLean
36%
NEW STAR: American singer, who is first cousins with Snoop Dogg, is known for his sex tape with Kim Kardashian. The first housemate to walk out the house on Day 8 due to medical issues.Ray J
36%

Score Distribution

Percentile by Number Answered

Percent of People with Each Score

Your Score History

You have not taken this quiz